| 000 | 00520cam a22001691 4500 | ||
|---|---|---|---|
| 082 |
_a510.212 _bCOM _cL-4 p-17 |
||
| 100 | 1 |
_aComrie, L. J. _938953 |
|
| 245 | 1 | 0 |
_aKnott's four-figure mathematical tables. _cL. J. Comrie |
| 260 |
_aEdinburgh, _bW. & R. Chambers, _c1947. |
||
| 300 |
_a64 p. _c26 cm. |
||
| 526 |
_a0 _b0 _c0 _d510_212000000000000_COM |
||
| 650 | 0 |
_aExponential functions. _938954 |
|
| 650 | 0 |
_aMathematics _xTables. _938955 |
|
| 650 | 0 |
_aMCE _9379 |
|
| 650 | 0 |
_aTrigonometry _xTables. _938956 |
|
| 942 |
_2ddc _cBK |
||
| 999 |
_c543558 _d543558 |
||